00469 a2200181 450000100060000002000060000604000220001210000220003424000350005624500300009130000070012136200090012844000130013765000230015094200070017395200900018099900170027061070 a  cAnchieta - Pituba aSchineider, Roque10aO silè‚ncio que eu perdilpor10aO silè‚ncio que eu perdi a940 a1992 1aPaulinas 4aLiteratura juvenil cBK 00104070a91.1b91.1d2023-11-21l0p12954/PITr2023-11-21 18:29:11w2023-11-21yBK c61070d61070